Statistics for Hertfordshire Train Stations

Click here to take the quiz!

General Stats

  • This quiz has been taken 76 times
  • The average score is 22 of 47

Answer Stats

Main OperatorStation% Correct
ThameslinkStevenage
76%
Great NorthernHatfield
74%
Great NorthernWelwyn Garden City
72%
London Northwestern RailwayHemel Hempstead
67%
ThameslinkSt Albans City
67%
Greater AngliaCheshunt
61%
London Northwestern RailwayWatford Junction
61%
ThameslinkHarpenden
59%
Greater AngliaHertford East
59%
Great NorthernHertford North
59%
ThameslinkHitchin
59%
ThameslinkLetchworth Garden City
59%
ThameslinkElstree & Borehamwood
57%
Great NorthernPotters Bar
57%
Greater AngliaBroxbourne
54%
Greater AngliaWare
54%
London Northwestern RailwayTring
52%
ThameslinkRadlett
50%
London Northwestern RailwaySt Albans Abbey
50%
Great NorthernWelwyn North
50%
London Northwestern RailwayBerkhamsted
48%
London OvergroundBushey
48%
ThameslinkRoyston
48%
Great NorthernKnebworth
46%
London OvergroundWatford High Street
46%
Chiltern RailwaysRickmansworth
43%
ThameslinkBaldock
41%
Great NorthernBrookmans Park
41%
London Northwestern RailwayHow Wood
39%
London Northwestern RailwayKings Langley
39%
London Northwestern RailwayPark Street
39%
Greater AngliaSt Margarets
39%
London OvergroundTheobalds Grove
39%
Greater AngliaWaltham Cross
39%
London Northwestern RailwayWatford North
39%
London Northwestern RailwayApsley
37%
Greater AngliaBishop's Stortford
37%
Greater AngliaSawbridgeworth
37%
London OvergroundCarpenders Park
35%
Great NorthernCuffley
35%
Greater AngliaRye House
35%
Great NorthernWelham Green
35%
London Northwestern RailwayGarston
33%
Great NorthernWatton-at-Stone
33%
Great NorthernBayford
30%
Chiltern RailwaysChorleywood
30%
London Northwestern RailwayBricket Wood
28%

Score Distribution

Percentile by Number Answered

Percent of People with Each Score

Your Score History

You have not taken this quiz